As mais belas histórias do mundo (Registo nº 1604)

Detalhes MARC
000 -Etiqueta do registo
Cabeçalho 00652nam a22002411 4500
005 - Identificador da versão
Campo de controlo 20240823125048.0
010 ## - Número internacional normalizado dos livros (ISBN)
Número (ISBN) 9728473680
021 ## - Número do Depósito Legal
Código do país PT
Número 155568/00
100 ## - Dados gerais de processamento
Dados gerais de processamento 20070629d2000 cday0pory5003 ba
101 1# - Língua de publicação
Língua do texto, banda sonora, etc. Português
102 ## - Pais de publicação ou produção
País de publicação Portugal
105 ## - Campo de dados codificados: livros
Dados codificados dos livros a z 000fy
106 ## - Campo de dados codificados: material textual
Dados codificados do material textual r
200 1# - Titulo e menção de responsabilidade
Título próprio As mais belas histórias do mundo
Primeira menção de responsabilidade il. Marek Szyseko
210 ## - Publicação, Distribuição, etc. 
Lugar da edição, distribuição, etc. Vila Nova de Gaia
Nome do editor, distribuidor, etc. Gailivro
Data da publicação, distribuição, etc. D.L. 2000
215 ## - Descrição física 
Indicação específica da natureza do documento e extensão da espécie 96 p.
Outras indicações físicas il.
Dimensões 29 cm
225 2# - Colecção 
Título próprio da colecção As mais belas histórias
606 ## - Nome comum usado como assunto
Número de registo de entrada de autoridade 0000015
Palavra de ordem Literatura estrangeira infanto-juvenil
Subdivisão de assunto Conto
675 ## - Classificação Decimal Universal (CDU)
Notação 82-34
Edição
Língua da edição por
700 #1 - Nome de autor-pessoa física (responsabilidade principal)
Número de registo de entrada de autoridade 0000028
Palavra de ordem Szyseko
Outra parte do nome não tomada para palavra de ordem Marek
942 ## - Elementos de entrada adicionados (Koha)
Tipo de item no Koha Livro
Exemplares
Situação do levantamento Origin of item (home branch) (coded) Biblioteca de empréstimo Código de barras Cota Circulation type (not for loan) Tipo de documento Nota do exemplar Damaged status
  Biblioteca Escolar da Coca Maravilhas Biblioteca Escolar da Coca Maravilhas BECM5701 8EST HIS   Livro Sem mensagem